[Event "VII MIEDZYNARODOWY TURNIEJ SZACHOWY - GORA SW. ANNY - Open "A""]
[Site "Gora Sw. Anny"]
[Date "1899-12-30"]
[Round "8.6"]
[White "Krasiewicz, Robert"]
[Black "Cukrowski, Filip"]
[Result "0-1"]
[WhiteTitle "k+"]
[BlackTitle "k"]
[WhiteElo "2069"]
[BlackElo "2215"]

1. d4 Nf6 2. c4 e6 3. g3 d5 4. Bg2 Bb4+ 5. Bd2 Bxd2+ 6. Nxd2 O-O 7. Ngf3 dxc4 8.
Nxc4 Nc6 9. O-O Rb8 10. Rc1 Qe7 11. Qc2 Rd8 12. Rfd1 Bd7 13. e3 Nb4 14. Qb3 Nbd5
15. Nfe5 Be8 16. Nd3 Nd7 17. e4 N5b6 18. Na5 Rdc8 19. e5 c5 20. Qa3 Nd5 21. Nxc5
b6 22. Nxd7 Qxa3 23. bxa3 Bxd7 24. Nc4 Ba4 25. Nd6 Nc3 26. Nxc8 Rxc8 27. Bf3 Bxd1
28. Bxd1 Ne2+ 29. Bxe2 Rxc1+ 30. Kg2 Rc2 0-1

[Event "VII MIEDZYNARODOWY TURNIEJ SZACHOWY - GORA SW. ANNY - Open "A""]
[Site "Gora Sw. Anny"]
[Date "1899-12-30"]
[Round "8.7"]
[White "Plichta, Kamil"]
[Black "Piotrowski, Przemyslaw"]
[Result "1-0"]
[WhiteTitle "k+"]
[BlackTitle "I++"]
[WhiteElo "2248"]
[BlackElo "2062"]

1. c4 g6 2. d4 Nf6 3. Nc3 Bg7 4. e4 d6 5. f3 O-O 6. Be3 c6 7. Nge2 a6 8. c5 dxc5
9. dxc5 e5 10. Qxd8 Rxd8 11. Na4 Nbd7 12. Rd1 Re8 13. g3 Rb8 14. Nc1 Nf8 15. Nb3
h6 16. Bc4 g5 17. h3 Be6 18. Nb6 Red8 19. Kf2 Rxd1 20. Rxd1 Bxh3 21. g4 Bxg4 22.
fxg4 Nxg4+ 23. Ke2 Nf6 24. Na5 g4 25. Rf1 N8h7 26. Nd7 Ra8 27. Nxe5 1-0

[Event "VII MIEDZYNARODOWY TURNIEJ SZACHOWY - GORA SW. ANNY - Open "A""]
[Site "Gora Sw. Anny"]
[Date "1899-12-30"]
[Round "8.8"]
[White "Lewtak, Dominik"]
[Black "Kulas, Szymon"]
[Result "1-0"]
[WhiteTitle "I+"]
[BlackTitle "I++"]
[WhiteElo "1943"]
[BlackElo "2009"]

1. d4 Nf6 2. c4 g6 3. Nc3 Bg7 4. e4 d6 5. Nf3 O-O 6. Be2 e5 7. O-O Nc6 8. d5 Ne7
9. b4 a5 10. Ba3 axb4 11. Bxb4 Nd7 12. Nd2 f5 13. f3 Bh6 14. Kh1 Be3 15. Nb3 f4
16. Qc2 b6 17. a4 Nf6 18. Nd1 Bc5 19. Be1 g5 20. a5 Qe8 21. axb6 Rxa1 22. b7 Bxb7
23. Nxa1 Qh5 24. Nb3 Nd7 25. Nxc5 Nxc5 26. Bf2 Rf6 27. Bxc5 dxc5 28. Nf2 Bc8 29.
Qb2 Rh6 30. h3 Qh4 31. Qxe5 Qg3 32. Rb1 Qxf2 33. Qxe7 Rb6 34. Qd8+ 1-0

[Event "VII MIEDZYNARODOWY TURNIEJ SZACHOWY - GORA SW. ANNY - Open "A""]
[Site "Gora Sw. Anny"]
[Date "1899-12-30"]
[Round "8.9"]
[White "Liberadzki, Slawomir"]
[Black "Eggink, Ryszard"]
[Result "0-1"]
[WhiteTitle "k"]
[BlackTitle "I++"]
[WhiteElo "2095"]
[BlackElo "2198"]

1. e4 c5 2. c3 d5 3. exd5 Qxd5 4. d4 Nc6 5. Nf3 e5 6. Be3 e4 7. Nfd2 cxd4 8. cxd4
Nf6 9. Nc3 Qa5 10. Nb3 Qd8 11. Bc4 Bf5 12. O-O Bd6 13. d5 Ne5 14. Bb5+ Kf8 15.
Nd4 Bg6 16. Be2 h5 17. Bg5 Qe7 18. Ndb5 Neg4 19. Bxg4 Bxh2+ 20. Kh1 hxg4 21. g3
Bxg3+ 22. Kg2 Rh2+ 23. Kg1 Qe5 24. Qd2 Nh7 25. Qe3 Rh3 26. Qc5+ Kg8 27. Be7 e3
28. d6 Qxc5 0-1

[Event "VII MIEDZYNARODOWY TURNIEJ SZACHOWY - GORA SW. ANNY - Open "A""]
[Site "Gora Sw. Anny"]
[Date "1899-12-30"]
[Round "8.10"]
[White "Lizak, Jakub"]
[Black "Khamidov, Komil"]
[Result "1-0"]
[WhiteTitle "I"]
[BlackTitle "I++"]
[WhiteElo "1948"]
[BlackElo "2165"]

1. e4 g6 2. d4 Bg7 3. Nc3 c6 4. Nf3 d5 5. h3 Nh6 6. Bf4 f6 7. exd5 cxd5 8. Nb5
Na6 9. c4 Nf7 10. cxd5 Qxd5 11. Nc3 Qf5 12. Bg3 O-O 13. Be2 Nb4 14. O-O Rd8 15.
a3 Nd5 16. Rc1 Be6 17. Re1 Nxc3 18. bxc3 Bd5 19. c4 Bc6 20. d5 Be8 21. Nd4 Qd7
22. Ne6 Rdc8 23. Qd4 Bh6 24. Rb1 b6 25. c5 Nd8 26. c6 Nxe6 27. cxd7 Nxd4 28. dxc8=Q
Rxc8 29. Ba6 Rd8 30. Rxe7 Bf8 31. Rxa7 b5 32. Bb7 Bc5 33. Ra8 Rxa8 34. Bxa8 Bxa3
35. Re1 Bd7 36. d6 Nf5 37. Bf4 g5 38. Bh2 Kf8 39. Rd1 b4 40. Be4 Ke8 41. Rd5 Ng7
42. Ra5 Bc1 43. Ra8+ Kf7 44. Bxh7 Ne8 45. Ra7 Ke6 46. Bg8+ 1-0

[Event "VII MIEDZYNARODOWY TURNIEJ SZACHOWY - GORA SW. ANNY - Open "A""]
[Site "Gora Sw. Anny"]
[Date "1899-12-30"]
[Round "8.11"]
[White "Grela, Kacper"]
[Black "Sliwicka, Alicja"]
[Result "1-0"]
[WhiteTitle "I+"]
[BlackTitle "WFM"]
[WhiteElo "2002"]
[BlackElo "1842"]

1. e4 c5 2. Nf3 e6 3. d4 cxd4 4. Nxd4 a6 5. Bd3 Nf6 6. O-O d6 7. c4 g6 8. Nc3 Bg7
9. Nf3 Nc6 10. Be2 Qc7 11. Bf4 Ne5 12. Nxe5 dxe5 13. Be3 O-O 14. Qc2 Bd7 15. c5
Rac8 16. Rac1 Rfd8 17. b4 Be8 18. a4 Rd4 19. Bxd4 exd4 20. Nd1 Bh6 21. Ra1 Qe5
22. Nb2 Bc6 23. Nc4 Qxe4 24. Qxe4 Nxe4 25. Bd3 Nc3 26. Nd6 Rb8 27. b5 axb5 28.
axb5 Bd5 29. Nxb7 Bxb7 30. c6 Bf4 31. g3 Bd6 32. cxb7 Rxb7 33. Ra6 Bc5 34. Rc6
Be7 35. b6 Nd5 36. Rb1 Kg7 37. Ba6 Rb8 38. b7 Nb4 39. Rb6 Nd5 40. R6b3 Bf6 41.
Bc4 Nc3 42. Rc1 Ne4 43. Bd3 Nd6 44. Rc7 Kf8 45. Ba6 Be5 46. Rc8+ Ne8 47. f4 Bc7
48. Rb1 Ke7 49. Rc1 Kd6 50. Rxb8 Bxb8 51. Rc8 Nc7 52. Rxb8 Nxa6 53. Ra8 1-0

[Event "VII MIEDZYNARODOWY TURNIEJ SZACHOWY - GORA SW. ANNY - Open "A""]
[Site "Gora Sw. Anny"]
[Date "1899-12-30"]
[Round "8.12"]
[White "Czempiel, Henryk"]
[Black "Oszczanowski, Witold"]
[Result "0-1"]
[WhiteTitle "I"]
[BlackTitle "I+"]
[WhiteElo "1948"]
[BlackElo "2002"]

1. e4 e6 2. d4 d5 3. exd5 exd5 4. Qf3 Nf6 5. h3 c5 6. Bb5+ Nc6 7. Ne2 Qb6 8. Nbc3
cxd4 9. Nxd5 Nxd5 10. Qxd5 Bc5 11. b4 Bxb4+ 12. c3 dxc3 13. Qe4+ Be7 14. Nd4 O-O
15. Nxc6 bxc6 16. Bd3 g6 17. Qxe7 Ba6 18. O-O Bxd3 19. Bh6 Qd8 20. Bxf8 Bxf1 21.
Qxd8 Rxd8 22. Bb4 Bc4 23. Bxc3 c5 24. g4 f5 0-1

[Event "VII MIEDZYNARODOWY TURNIEJ SZACHOWY - GORA SW. ANNY - Open "A""]
[Site "Gora Sw. Anny"]
[Date "1899-12-30"]
[Round "8.13"]
[White "Pultorak, Jan"]
[Black "Kolasinski, Krzysztof"]
[Result "1-0"]
[WhiteTitle "I"]
[BlackTitle "I++"]
[WhiteElo "1933"]
[BlackElo "2004"]

1. e4 e6 2. d4 d5 3. Nc3 Bb4 4. e5 c5 5. a3 Bxc3+ 6. bxc3 Qa5 7. Bd2 Qa4 8. Qg4
g6 9. Qd1 Nc6 10. Nf3 c4 11. Be2 Nge7 12. h4 h5 13. Bg5 Bd7 14. Bf6 Rf8 15. Ng5
O-O-O 16. g4 hxg4 17. Bxg4 Kb8 18. h5 gxh5 19. Bxh5 Be8 20. Rg1 Rd7 21. Kd2 Rg8
22. Nxe6 Qa5 23. Rxg8 Nxg8 24. Qg4 Nxf6 25. exf6 Rd8 26. Qf4+ Kc8 27. Nxd8 Nxd8
28. Bg4+ Bd7 29. Bxd7+ Kxd7 30. Re1 Nc6 31. Qg4+ Kc7 32. Re7+ Kb6 33. Qd7 1-0

[Event "VII MIEDZYNARODOWY TURNIEJ SZACHOWY - GORA SW. ANNY - Open "A""]
[Site "Gora Sw. Anny"]
[Date "1899-12-30"]
[Round "8.14"]
[White "Dmochowska, Agnieszka"]
[Black "Malinovsky, Petr"]
[Result "0-1"]
[WhiteTitle "WCM"]
[BlackTitle "k"]
[WhiteElo "1841"]
[BlackElo "2008"]

1. e4 c5 2. c3 Nf6 3. e5 Nd5 4. d4 cxd4 5. Nf3 e6 6. cxd4 d6 7. Bc4 Nb6 8. Bb5+
Bd7 9. Bd3 Bc6 10. O-O N8d7 11. Nc3 dxe5 12. Nxe5 Nxe5 13. dxe5 Be7 14. Qc2 Nd5
15. a3 Nxc3 16. bxc3 Qd5 17. f4 O-O-O 18. Rf3 Bc5+ 19. Kh1 Qxf3 20. gxf3 Bxf3+
21. Qg2 Bxg2+ 0-1

[Event "VII MIEDZYNARODOWY TURNIEJ SZACHOWY - GORA SW. ANNY - Open "A""]
[Site "Gora Sw. Anny"]
[Date "1899-12-30"]
[Round "9.1"]
[White "Sadzikowski, Daniel"]
[Black "Obrusnik, Michal"]
[Result "1-0"]
[WhiteTitle "IM"]
[BlackTitle "k+"]
[WhiteElo "2470"]
[BlackElo "2278"]

1. Nf3 c5 2. c4 Nc6 3. Nc3 Nd4 4. Ng1 Nc6 5. Nf3 Nd4 6. e3 Nxf3+ 7. Qxf3 g6 8.
g3 Bg7 9. Bg2 d6 10. O-O Nh6 11. Qe2 Nf5 12. Rb1 O-O 13. b4 Rb8 14. Ne4 Qc7 15.
Bb2 Bxb2 16. Rxb2 b6 17. Rfb1 Bb7 18. a4 cxb4 19. Rxb4 Rfd8 20. Nc3 Bxg2 21. Kxg2
e6 22. Nb5 Qd7 23. d3 Ne7 24. Nd4 e5 25. Nf3 Qc7 26. e4 Nc6 27. R4b2 Na5 28. Ne1
Nb7 29. Nc2 Nc5 30. Ra2 Qc6 31. Nb4 Qd7 32. Nd5 Kg7 33. Rf1 Rb7 34. f4 f6 35.
Qf3 Rf8 36. fxe5 dxe5 37. Raf2 Qd8 38. Qe3 Rbf7 39. a5 Qd6 40. axb6 axb6 41. Rb1
Rb7 42. Rfb2 Rfb8 43. g4 h6 44. h4 Qe6 45. Qf3 Nd7 46. h5 g5 47. Kg3 Nc5 48. Qe3
Nd7 49. Rb5 Qd6 50. Qf2 Qe6 51. Kh3 Nc5 52. Rf1 Nd7 53. Qa2 Rf8 54. Qa3 Rf7 55.
Ne3 Kh7 56. Nd5 Kg7 57. Qb2 Nc5 58. Rf3 Nd7 59. Rb4 Qd6 60. Rb5 Qe6 61. Qb1 Qd6
62. Kg3 Rf8 63. Ne3 Qe6 64. Rd5 Kh7 65. Qb4 Rc8 66. Rd6 Qe8 67. Nd5 Kg7 68. Nxf6
Qe7 69. Nd5 Qe8 70. Rg6+ 1-0

[Event "VII MIEDZYNARODOWY TURNIEJ SZACHOWY - GORA SW. ANNY - Open "A""]
[Site "Gora Sw. Anny"]
[Date "1899-12-30"]
[Round "9.2"]
[White "Cukrowski, Filip"]
[Black "Dobrowolski, Piotr"]
[Result "0-1"]
[WhiteTitle "k"]
[BlackTitle "IM"]
[WhiteElo "2215"]
[BlackElo "2422"]

1. e4 c5 2. Nf3 d6 3. d4 cxd4 4. Nxd4 Nf6 5. Nc3 g6 6. Be3 Bg7 7. f3 O-O 8. Qd2
Nc6 9. O-O-O d5 10. Kb1 Rb8 11. Ndb5 a6 12. Na7 e6 13. Nxc8 Rxc8 14. exd5 exd5
15. Bg5 d4 16. Qe1 h6 17. Bxf6 Bxf6 18. Ne4 Bg7 19. Bd3 Qb6 20. h4 Nb4 21. Qd2
Rc3 22. Qf2 Rc6 23. g4 Rfc8 24. Rh2 Qa5 25. a3 Nd5 26. Ka1 Rc3 27. Ka2 Rxa3+ 28.
bxa3 Rc3 0-1

[Event "VII MIEDZYNARODOWY TURNIEJ SZACHOWY - GORA SW. ANNY - Open "A""]
[Site "Gora Sw. Anny"]
[Date "1899-12-30"]
[Round "9.3"]
[White "Simantsev, Mikhail"]
[Black "Nurkiewicz, Maciej"]
[Result "1-0"]
[WhiteTitle "GM"]
[BlackTitle "m"]
[WhiteElo "2459"]
[BlackElo "2390"]

1. d4 Nf6 2. c4 g6 3. f3 d5 4. cxd5 Nxd5 5. e4 Nb6 6. Nc3 Bg7 7. Be3 O-O 8. Qd2
Nc6 9. O-O-O f5 10. e5 Nb4 11. Nh3 Be6 12. Kb1 N4d5 13. Ng5 Nxc3+ 14. Qxc3 Bd5
15. h4 c6 16. Bd3 e6 17. Nh3 Na4 18. Qc2 b5 19. Nf4 Qa5 20. Bd2 Bxa2+ 21. Kc1
b4 22. Bc4 Nc3 23. b3 Rfe8 24. Nxe6 Bb1 25. Qb2 Bd3 26. Bxd3 Rxe6 27. Bc4 Nd5
28. Kc2 Qb6 29. h5 Rd8 30. g4 fxg4 31. fxg4 a5 32. hxg6 hxg6 33. Kb1 Rf8 34. Bh6
Rf3 35. Bxg7 1-0

[Event "VII MIEDZYNARODOWY TURNIEJ SZACHOWY - GORA SW. ANNY - Open "A""]
[Site "Gora Sw. Anny"]
[Date "1899-12-30"]
[Round "9.4"]
[White "Kriebel, Tadeas"]
[Black "Rozycki, Bartlomiej"]
[Result "0-1"]
[WhiteTitle "FM"]
[BlackTitle "I++"]
[WhiteElo "2375"]
[BlackElo "2097"]

1. c4 e5 2. Nc3 Nf6 3. g3 d5 4. cxd5 Nxd5 5. Bg2 Nb6 6. Nf3 Nc6 7. Rb1 Be7 8. b4
e4 9. Nxe4 Bf5 10. Nh4 Bxh4 11. gxh4 Qxh4 12. d3 O-O 13. Qd2 Bh3 14. Bxh3 Qxh3
15. Rg1 Ne5 16. Nf6+ Kh8 17. Rxg7 Rfe8 18. Rg3 Qxg3 19. hxg3 Nf3+ 20. Kf1 Nxd2+
21. Bxd2 Re6 22. Bc3 Na4 23. Ba1 Rc8 24. Rc1 Kg7 25. Rc4 Nb6 26. Rh4 Kf8 27. Rxh7
Ke7 28. Ne4 Rc6 29. Bd4 Nd7 30. f4 Rc2 31. f5 Rg8 32. Kf2 Rxa2 33. Kf3 a5 34.
g4 axb4 35. g5 Ke8 36. g6 fxg6 37. f6 Rf8 38. Re7+ Kd8 39. Rg7 0-1

[Event "VII MIEDZYNARODOWY TURNIEJ SZACHOWY - GORA SW. ANNY - Open "A""]
[Site "Gora Sw. Anny"]
[Date "1899-12-30"]
[Round "9.5"]
[White "Kislinsky, Alexey"]
[Black "Plichta, Kamil"]
[Result "1/2-1/2"]
[WhiteTitle "GM"]
[BlackTitle "k+"]
[WhiteElo "2500"]
[BlackElo "2248"]

1. e4 g6 2. d4 Bg7 3. Nc3 c5 4. d5 d6 5. f4 Nf6 6. Bb5+ Bd7 7. a4 O-O 8. Nf3 Na6
9. O-O Nc7 10. Bd3 a6 11. a5 Nb5 12. Bd2 Nxc3 13. Bxc3 b5 14. Qe1 b4 15. Bxf6
Bxf6 16. e5 Bg7 17. c4 bxc3 18. bxc3 Bg4 19. c4 Bxf3 20. Rxf3 Rb8 21. Ra2 e6 22.
dxe6 fxe6 23. exd6 Qxd6 24. Qe4 Bb2 25. h4 Rf6 26. g3 Kg7 27. Kg2 Rb4 28. Rf1
e5 29. f5 Qd4 30. g4 gxf5 31. Qxd4 Bxd4 32. gxf5 Rd6 33. Rc2 Kf6 34. Be4 Be3 35.
Rf3 Bf4 36. Rd3 Rd4 37. Kf3 Rxd3+ 38. Bxd3 Rb3 39. Ke4 Rb8 40. Kf3 Rg8 41. Rg2
Rxg2 42. Kxg2 Bd2 43. Kf3 Bxa5 44. Ke4 Bb4 45. Bc2 a5 46. Kd5 h6 47. h5 Ba3 48.
Kd6 Bb4 49. Kd5 Ba3 50. Kd6 a4 51. Kd5 Bb2 52. Bxa4 Kxf5 53. Bc2+ 1/2-1/2

[Event "VII MIEDZYNARODOWY TURNIEJ SZACHOWY - GORA SW. ANNY - Open "A""]
[Site "Gora Sw. Anny"]
[Date "1899-12-30"]
[Round "9.6"]
[White "Stachowiak, Kamil"]
[Black "Lewtak, Dominik"]
[Result "1-0"]
[WhiteTitle "IM"]
[BlackTitle "I+"]
[WhiteElo "2442"]
[BlackElo "1943"]

1. Nf3 d5 2. d4 Nf6 3. c4 c6 4. e3 e6 5. Nc3 Nbd7 6. Qc2 Bd6 7. g4 h6 8. Rg1 e5
9. g5 hxg5 10. Nxg5 e4 11. Bd2 Bxh2 12. Rg2 Bd6 13. cxd5 cxd5 14. Nb5 Nb6 15.
Qb3 Bb8 16. Rc1 Rh1 17. Ba5 Ng4 18. Bxb6 axb6 19. Kd2 Kf8 20. Rxc8 Qxc8 21. Qxd5
Nh6 22. Nh7+ Kg8 23. Qxe4 f5 24. Qe7 Ng4 25. Ng5 Rxa2 26. Qf7+ Kh8 27. Qxa2 Rxf1
28. Nc3 Qc6 29. Qf7 Bd6 30. Ne6 1-0

[Event "VII MIEDZYNARODOWY TURNIEJ SZACHOWY - GORA SW. ANNY - Open "A""]
[Site "Gora Sw. Anny"]
[Date "1899-12-30"]
[Round "9.7"]
[White "Eggink, Ryszard"]
[Black "Krasiewicz, Robert"]
[Result "1-0"]
[WhiteTitle "I++"]
[BlackTitle "k+"]
[WhiteElo "2198"]
[BlackElo "2069"]

1. d4 Nf6 2. c4 e6 3. Nf3 b6 4. g3 Ba6 5. Qc2 d5 6. cxd5 exd5 7. Bg2 Bb4+ 8. Bd2
Bxd2+ 9. Nbxd2 O-O 10. Ne5 Qd6 11. Ndf3 c5 12. O-O Nbd7 13. Rfd1 Rac8 14. Nxd7
Qxd7 15. dxc5 Rxc5 16. Qd2 Ne4 17. Qe1 Qb5 18. b4 Rc4 19. a3 Nc3 20. Rd2 Re8 21.
e3 d4 22. Rxd4 Ne2+ 23. Qxe2 Rc1+ 24. Rxc1 Qxe2 25. Rd2 Qb5 26. Nd4 Qg5 27. Rc7
h5 28. Rxa7 Bc4 29. h4 Qg6 30. Rc2 Qd3 31. Bf3 Qf1+ 32. Kh2 Rd8 33. Rc7 Bd5 34.
Rc8 Rxc8 35. Rxc8+ Kh7 36. Bxd5 Qxf2+ 37. Bg2 g5 38. Nf3 gxh4 39. Nxh4 Qxe3 40.
Rc6 Kg8 41. a4 Kf8 42. Rc8+ 1-0

[Event "VII MIEDZYNARODOWY TURNIEJ SZACHOWY - GORA SW. ANNY - Open "A""]
[Site "Gora Sw. Anny"]
[Date "1899-12-30"]
[Round "9.8"]
[White "Eggink, Mateusz"]
[Black "Grela, Kacper"]
[Result "1-0"]
[WhiteTitle "I"]
[BlackTitle "I+"]
[WhiteElo "2075"]
[BlackElo "2002"]

1. d4 Nf6 2. c4 c5 3. d5 b5 4. cxb5 a6 5. f3 e6 6. e4 exd5 7. e5 Qe7 8. Qe2 Ng8
9. Nc3 Bb7 10. Nh3 d4 11. Ne4 Qe6 12. Nhg5 Qd5 13. Nd6+ Bxd6 14. exd6+ Kd8 15.
Bd2 Nh6 16. Qe7+ Kc8 17. Bd3 f6 18. Qxg7 Re8+ 19. Ne4 Nf5 20. Qxf6 axb5 21. Bxb5
Nxd6 22. Bd3 Ra6 23. O-O Nxe4 24. fxe4 Rxf6 25. exd5 Rxf1+ 26. Rxf1 Bxd5 27. Rf5
Bxa2 28. Rxc5+ Nc6 29. b4 Kb7 30. Bf4 Rf8 31. g3 d5 32. b5 Nb4 33. Bf1 Kb6 34.
Rc1 Ra8 35. Bd6 Ra4 36. Rc8 Bc4 37. Rb8+ Ka7 38. b6+ Ka6 39. Ra8+ Kb5 40. Rxa4
Kxa4 41. Bxb4 Kxb4 42. b7 1-0

[Event "VII MIEDZYNARODOWY TURNIEJ SZACHOWY - GORA SW. ANNY - Open "A""]
[Site "Gora Sw. Anny"]
[Date "1899-12-30"]
[Round "9.9"]
[White "Oszczanowski, Witold"]
[Black "Lizak, Jakub"]
[Result "0-1"]
[WhiteTitle "I+"]
[BlackTitle "I"]
[WhiteElo "2002"]
[BlackElo "1948"]

1. e4 c5 2. Nf3 Nc6 3. d4 cxd4 4. Nxd4 g6 5. c4 Bg7 6. Be3 Nf6 7. Nc3 Ng4 8. Qxg4
Nxd4 9. Qd1 Ne6 10. Qd2 O-O 11. g3 d6 12. Bg2 Bd7 13. Rc1 a5 14. Nd5 Nc5 15. O-O
Bc6 16. Rfe1 b6 17. b3 e6 18. Nc3 Qd7 19. Bd4 Bxd4 20. Qxd4 Qb7 21. Rcd1 Rad8
22. Qf6 Rd7 23. Rd2 Qa8 24. Rd4 Qd8 25. Qxd8 Rfxd8 26. Red1 Kf8 27. h4 Ke7 28.
Kf1 h6 29. Re1 g5 30. hxg5 hxg5 31. Nd5+ Bxd5 32. exd5 e5 33. Bh3 Rb7 34. Rd2
Rh8 35. Bf5 b5 36. cxb5 Rh1+ 37. Ke2 Rxe1+ 38. Kxe1 Rxb5 39. Bd3 Nxd3+ 40. Rxd3
f5 41. f3 Kf6 42. Kd2 e4 43. fxe4 fxe4 44. Rd4 Ke5 45. Ke3 Rb4 46. Rd2 a4 47.
bxa4 Rxa4 48. Rb2 Ra3+ 49. Kf2 Kxd5 50. Rb5+ Kd4 51. Rxg5 d5 52. Rg8 Kd3 53. Rb8
Rxa2+ 54. Kf1 d4 55. Rb1 e3 56. g4 Rf2+ 57. Kg1 Rf4 58. Rd1+ Ke2 59. Rxd4 Rxd4
0-1

[Event "VII MIEDZYNARODOWY TURNIEJ SZACHOWY - GORA SW. ANNY - Open "A""]
[Site "Gora Sw. Anny"]
[Date "1899-12-30"]
[Round "9.10"]
[White "Piotrowski, Przemyslaw"]
[Black "Liberadzki, Slawomir"]
[Result "1-0"]
[WhiteTitle "I++"]
[BlackTitle "k"]
[WhiteElo "2062"]
[BlackElo "2095"]

1. d4 Nf6 2. Nf3 e6 3. c4 b6 4. g3 Bb7 5. Bg2 d5 6. O-O Be7 7. Ne5 O-O 8. Nc3 c5
9. cxd5 Nxd5 10. e4 Nxc3 11. bxc3 Nc6 12. Nxc6 Bxc6 13. d5 exd5 14. exd5 Bb5 15.
Re1 Bc4 16. Qg4 b5 17. d6 Bf6 18. Bxa8 Bxc3 19. Be4 Bxa1 20. Bg5 f6 21. Qh5 g6
22. Bxg6 hxg6 23. Qxg6+ Kh8 24. Qh5+ Kg8 25. Bh6 Rf7 26. Qg6+ Kh8 27. Re8+ Qxe8
28. Bg7+ Rxg7 29. Qxe8+ Bg8 30. d7 Rxd7 31. Qxd7 c4 32. Qd1 Bb2 33. Qd2 Be5 34.
Qh6+ Bh7 35. Qf8+ Bg8 36. h4 c3 37. h5 f5 38. Qxf5 Bg7 39. Qxb5 Bxa2 40. h6 Bxh6
41. Qa5 Kh7 42. Qf5+ Kg8 43. Qc8+ 1-0

[Event "VII MIEDZYNARODOWY TURNIEJ SZACHOWY - GORA SW. ANNY - Open "A""]
[Site "Gora Sw. Anny"]
[Date "1899-12-30"]
[Round "9.11"]
[White "Sliwicka, Alicja"]
[Black "Pultorak, Jan"]
[Result "0-1"]
[WhiteTitle "WFM"]
[BlackTitle "I"]
[WhiteElo "1842"]
[BlackElo "1933"]

1. d4 Nf6 2. c4 e6 3. Nf3 b6 4. g3 Ba6 5. b3 d5 6. Bg2 Bb4+ 7. Bd2 Be7 8. O-O O-O
9. Qc2 c6 10. Re1 Ne4 11. cxd5 cxd5 12. Bf4 Nd7 13. a3 Rc8 14. Qb2 Bd6 15. Bxd6
Nxd6 16. Nc3 Nf6 17. Ne5 Nde4 18. Nxe4 dxe4 19. Rac1 Qd6 20. Red1 Bb7 21. Nc4
Qe7 22. e3 Rc7 23. Rd2 Rfc8 24. Rdc2 Ba6 25. Bf1 Bb7 26. Bg2 h6 27. b4 Ne8 28.
Bf1 Kh7 29. Be2 Bd5 30. Bf1 f6 31. Nd2 Nd6 32. Ba6 Rxc2 33. Rxc2 Rc7 34. Qc1 Rxc2
35. Qxc2 b5 36. Qc5 Qd7 37. Kg2 Bc6 38. h3 g5 39. g4 h5 40. gxh5 Kh6 41. Bc8 Nxc8
42. Qf8+ Kh7 43. Qxf6 Bd5 44. Qg6+ Kh8 45. h6 Nd6 46. Qxg5 Kh7 47. Nf1 Nf5 48.
Ng3 Nxg3 49. fxg3 Qf7 50. h4 Bc4 51. g4 Bf1+ 52. Kg1 Be2 53. Qg7+ Qxg7 54. hxg7
Bxg4 55. Kf2 Kxg7 56. Kg3 Bf5 57. Kf4 Kf6 58. h5 Bh7 59. Kg4 Bf5+ 60. Kf4 a6 61.
h6 e5+ 62. Kg3 exd4 63. exd4 Kg5 64. d5 Kxh6 65. Kf4 Kg6 66. d6 Kf6 67. d7 Ke7
68. d8=Q+ Kxd8 69. Kxf5 e3 0-1

[Event "VII MIEDZYNARODOWY TURNIEJ SZACHOWY - GORA SW. ANNY - Open "A""]
[Site "Gora Sw. Anny"]
[Date "1899-12-30"]
[Round "9.12"]
[White "Khamidov, Komil"]
[Black "Malinovsky, Petr"]
[Result "1-0"]
[WhiteTitle "I++"]
[BlackTitle "k"]
[WhiteElo "2165"]
[BlackElo "2008"]

1. e4 c5 2. Nf3 e6 3. d4 cxd4 4. Nxd4 Nf6 5. Nc3 Nc6 6. Ndb5 Bc5 7. Bf4 O-O 8.
e5 Ne8 9. Ne4 Be7 10. Bd3 a6 11. Nbd6 f5 12. exf6 Nxf6 13. Qd2 e5 14. Be3 Nxe4
15. Bxe4 Bxd6 16. Qxd6 Qf6 17. Qd3 h6 18. O-O-O Kh8 19. h4 d5 20. Qxd5 Be6 21.
Qd2 Rad8 22. Qe1 Rxd1+ 23. Qxd1 Rd8 24. Qh5 Bf7 25. Qf5 Qxf5 26. Bxf5 g6 27. Be4
Kg7 28. a3 Be8 29. b3 Rd7 30. Kb2 Ne7 31. c4 Nf5 32. Bc1 h5 33. Bg5 Bf7 34. Re1
Nd4 35. Bb1 Nc6 36. Kc3 b6 37. Bc2 Rc7 38. Kb2 Rd7 39. Rd1 Rxd1 40. Bxd1 Be6 41.
Bf3 Bd7 42. Be4 b5 43. Kc3 Kf7 44. Bd5+ Kg7 45. cxb5 axb5 46. a4 bxa4 47. bxa4
Kf8 48. Bf6 Ke8 49. Kb3 Na5+ 50. Kb4 Nc6+ 51. Kc5 Na5 52. Kb6 1-0

[Event "VII MIEDZYNARODOWY TURNIEJ SZACHOWY - GORA SW. ANNY - Open "A""]
[Site "Gora Sw. Anny"]
[Date "1899-12-30"]
[Round "9.13"]
[White "Kolasinski, Krzysztof"]
[Black "Kulas, Szymon"]
[Result "1/2-1/2"]
[WhiteTitle "I++"]
[BlackTitle "I++"]
[WhiteElo "2004"]
[BlackElo "2009"]

1. Nf3 d5 2. g3 c6 3. c4 Nf6 4. Bg2 Bf5 5. b3 e6 6. Bb2 Nbd7 7. O-O Bd6 8. d3 h6
9. Nbd2 Bh7 10. Re1 O-O 11. a3 a5 12. e4 dxe4 13. dxe4 Ng4 14. h3 Nge5 15. Nxe5
Bxe5 16. Bxe5 Nxe5 17. Nf3 Qxd1 18. Raxd1 Nxf3+ 19. Bxf3 Rfd8 20. Kf1 Kf8 21.
Ke2 Ke7 22. Ke3 f6 23. Rxd8 Rxd8 24. Rd1 Rxd1 25. Bxd1 b6 26. b4 c5 27. bxa5 bxa5
28. Ba4 e5 29. f4 Bg8 30. Bb5 g5 31. fxe5 fxe5 32. g4 Bf7 33. Kf3 Be8 34. Bxe8
Kxe8 35. a4 Ke7 36. Ke3 Kd8 37. Kf3 Kc8 38. Kg3 Kb8 39. Kf3 Ka7 40. Ke3 Ka8 41.
Kd3 1/2-1/2

[Event "VII MIEDZYNARODOWY TURNIEJ SZACHOWY - GORA SW. ANNY - Open "A""]
[Site "Gora Sw. Anny"]
[Date "1899-12-30"]
[Round "9.14"]
[White "Dmochowska, Agnieszka"]
[Black "Czempiel, Henryk"]
[Result "0-1"]
[WhiteTitle "WCM"]
[BlackTitle "I"]
[WhiteElo "1841"]
[BlackElo "1948"]

1. d4 d5 2. c4 c6 3. cxd5 cxd5 4. Bf4 Qb6 5. Nc3 Nf6 6. Rc1 Bd7 7. Qd2 e6 8. e3
Bb4 9. Bd3 h6 10. Nf3 Nc6 11. O-O Na5 12. Ne5 O-O 13. Qe2 Rfc8 14. Qf3 Qd8 15.
Bxh6 gxh6 16. Qg3+ Kf8 17. Nxf7 Qe7 18. Ne5 Be8 19. Nb5 Nc4 20. a3 Qg7 21. Qf4
Bxb5 22. Ng6+ Kg8 23. axb4 Nb6 24. Bxb5 Qxg6 0-1

[Event "VII MIEDZYNARODOWY TURNIEJ SZACHOWY - GORA SW. ANNY - Open "A""]
[Site "Gora Sw. Anny"]
[Date "1899-12-30"]
[Round "10.1"]
[White "Dobrowolski, Piotr"]
[Black "Simantsev, Mikhail"]
[Result "1/2-1/2"]
[WhiteTitle "IM"]
[BlackTitle "GM"]
[WhiteElo "2422"]
[BlackElo "2459"]

1. e4 c5 2. Nf3 e6 3. d4 cxd4 4. Nxd4 a6 5. Bd3 Bc5 6. Nb3 Be7 7. Qg4 g6 8. Qe2
d6 9. O-O Nd7 10. Na3 Ne5 11. Nc4 Nxc4 12. Bxc4 Qc7 13. Bd3 h5 14. c4 Nf6 15.
Bd2 e5 16. Bg5 O-O 17. Rac1 b6 18. Bh6 Re8 19. Bg5 Rf8 20. Bh6 Re8 21. Bg5 Rf8
22. Bh6 Re8 1/2-1/2

[Event "VII MIEDZYNARODOWY TURNIEJ SZACHOWY - GORA SW. ANNY - Open "A""]
[Site "Gora Sw. Anny"]
[Date "1899-12-30"]
[Round "10.2"]
[White "Sadzikowski, Daniel"]
[Black "Kislinsky, Alexey"]
[Result "1/2-1/2"]
[WhiteTitle "IM"]
[BlackTitle "GM"]
[WhiteElo "2470"]
[BlackElo "2500"]

1. d4 d6 2. e4 Nf6 3. Nc3 g6 4. f4 Bg7 5. Bd3 O-O 6. e5 dxe5 7. dxe5 Nd5 8. Nxd5
Qxd5 9. Nf3 Nc6 10. Qe2 Bg4 11. Be4 Qd7 12. Be3 Rad8 13. Rd1 Qe6 14. O-O f6 15.
c4 Kh8 16. Bd5 Qd7 17. exf6 exf6 18. h3 Be6 19. Be4 Qe8 20. Rxd8 Nxd8 21. Bc5
Rg8 22. Re1 Qf7 23. b3 b6 24. Ba3 c5 25. Bb2 Re8 26. Qd2 Kg8 27. Bd5 Bxd5 28.
Rxe8+ Qxe8 29. Qxd5+ Nf7 30. Kf2 Qe7 31. Qa8+ Bf8 32. Qd5 Qd6 33. Ke3 Be7 34.
g4 Qxd5 35. cxd5 Nd6 36. Nd2 Kf7 37. Nc4 Nxc4+ 38. bxc4 f5 39. gxf5 gxf5 40. Be5
Ke8 41. a4 Kd7 42. a5 bxa5 43. Kd3 Bh4 44. Kc2 Be1 45. Bc3 Bg3 46. Bd2 Kc8 47.
Be3 Kb7 48. Bxc5 Bxf4 49. Bd4 1/2-1/2

[Event "VII MIEDZYNARODOWY TURNIEJ SZACHOWY - GORA SW. ANNY - Open "A""]
[Site "Gora Sw. Anny"]
[Date "1899-12-30"]
[Round "10.3"]
[White "Obrusnik, Michal"]
[Black "Stachowiak, Kamil"]
[Result "1/2-1/2"]
[WhiteTitle "k+"]
[BlackTitle "IM"]
[WhiteElo "2278"]
[BlackElo "2442"]

1. e4 c5 2. c3 Nf6 3. e5 Nd5 4. Nf3 e6 5. d4 cxd4 6. cxd4 d6 7. Bc4 Nc6 8. O-O
Nb6 9. Bd3 Nb4 10. Be2 dxe5 11. Nxe5 Bd7 12. Nc3 Be7 13. Nxd7 Qxd7 14. Bb5 Nc6
15. Qg4 O-O 16. Rd1 Rfd8 17. Bh6 Bf8 18. Bg5 Be7 19. Bh6 g6 20. Bg5 Rac8 21. d5
exd5 22. Qxd7 Rxd7 23. Bxe7 Rxe7 24. Nxd5 Nxd5 25. Rxd5 Nb4 26. Rd4 Nc2 27. Rc1
Nxd4 28. Rxc8+ Kg7 29. Bf1 Ne2+ 30. Kh1 Nf4 31. Rc1 Rd7 32. g3 Ne6 33. Rc2 g5
34. Kg2 g4 35. h3 h5 36. hxg4 hxg4 37. Bb5 Rd6 38. Bc4 Nd4 39. Rd2 f5 40. b3 Kf6
41. Be2 Ke5 42. f3 gxf3+ 43. Bxf3 b5 44. Kf2 Rf6 45. Rd1 1/2-1/2